Largest cities with map - India - Statistics

General Stats
  • This quiz has been taken 16 times
  • The average score is 8 of 10
Answers on the Map
Answers color-coded by a green-red scale on the quiz's map according to % correct below.
 
Answer Stats
Answer Pop. % Correct
Delhi 16,349,831
93%
Mumbai 18,394,912
93%
Chennai 8,653,521
87%
Hyderabad 7,677,018
87%
Ahmedabad 6,357,693
80%
Kolkata 14,057,991
80%
Pune 5,057,709
80%
Jaipur 3,046,163
73%
Surat 4,591,246
67%
Bangalore 8,520,435
47%
No matching quizzes found
Score Distribution
Percent of People with Each Score
Percentile by Number Answered
Your Score History
You have not taken this quiz